000 00769nam a2200265 i 4500
003 DO-SdBNP
005 20260202080455.0
007 ta
008 260202s2025 dr o 000 0 spa d
020 _a9789945291841
040 _aDO-SdBNP
_bspa
_cBNPHU
_erda
041 _aspa
082 _axxxx
_bN964s
_222
100 1 _aNúñez, Alejandro
_911765
_efotógrafo
245 1 0 _aSegundo piso :
_buna historia real /
_cAlejandro Núñez
264 1 _aSanto Domingo :
_bOkyanus Media Group,
_c2025
300 _a265 páginas :
_bilustraciones ;
_c24 cm.
336 _2rdacontent
_atexto
_btxt
337 _2rdamedia
_asin mediación
_bn
338 _2rdacarrier
_avolumen
_bnc
590 _aInventariado, 2026/DG
700 _985579
910 _aDG
942 _2ddc
_cLBS1
999 _c60173
_d60173